Central Library OPAC University of Rajshahi

1001 ideas that changed the way we think / (Record no. 74249)

MARC details
000 -LEADER
fixed length control field 01035nam a2200301 a 4500
001 - CONTROL NUMBER
control field 74249
003 - CONTROL NUMBER IDENTIFIER
rucl marc code BD-RjUL
005 - DATE AND TIME OF LATEST TRANSACTION
control field 20211209082525.0
008 - FIXED-LENGTH DATA ELEMENTS--GENERAL INFORMATION
fixed length control field 180416t20162013enka 001|0 eng|d
020 ## - INTERNATIONAL STANDARD BOOK NUMBER
International Standard Book Number 9781844037506
Terms of availability £20.00
International Standard Book Number 9789351950448
Terms of availability : Rs. 2295.00
035 ## - SYSTEM CONTROL NUMBER
System control number (BD-RjUL)74467
040 ## - CATALOGING SOURCE
Original cataloging agency StDuBDS
Language of cataloging eng
Description conventions rda
Transcribing agency StDuBDS
Modifying agency UkOxU
-- BD-RjUL
041 ## - LANGUAGE CODE
Language code of text/sound track or separate title eng
082 04 - DEWEY DECIMAL CLASSIFICATION NUMBER
Classification number 153.42
Edition number 23
Author mark and year ONE 2016
245 00 - TITLE STATEMENT
Title 1001 ideas that changed the way we think /
Statement of responsibility, etc. general editor, Robert Arp.
246 3# - VARYING FORM OF TITLE
Title proper/short title One thousand and one ideas that changed the way we think
Title proper/short title Thousand and one ideas that changed the way we think
260 ## - PUBLICATION, DISTRIBUTION, ETC. (IMPRINT)
Place of publication, distribution, etc. London :
Name of publisher, distributor, etc. Cassell Illustrated,
Date of publication, distribution, etc. c2013 [India reprint 2016]
300 ## - PHYSICAL DESCRIPTION
Pagination 960 pages :
Illustrations illustrations (colour) ;
Size 21 cm
500 ## - GENERAL NOTE
General note Includes index.
650 #0 - SUBJECT ADDED ENTRY--TOPICAL TERM
Topical term or geographic name as entry element Thought and thinking.
9 (RLIN) 221153
Topical term or geographic name as entry element Idea (Philosophy)
9 (RLIN) 221154
700 1# - ADDED ENTRY--PERSONAL NAME
Personal name Arp, Robert,
Relator term editor.
942 ## - ADDED ENTRY ELEMENTS (KOHA)
Source of classification or shelving scheme Dewey Decimal Classification
Koha item type Books
980 ## - EQUIVALENCE OR CROSS-REFERENCE-SERIES STATEMENT--PERSONAL NAME/TITLE [LOCAL, CANADA]
Miscellaneous information 1
Date of a work 1/3078611
981 ## - EQUIVALENCE OR CROSS-REFERENCE-SERIES STATEMENT--CORPORATE NAME/TITLE [LOCAL, CANADA]
Date of meeting or treaty signing Agency file oxf2014-41.1
Holdings
Lost status Source of classification or shelving scheme Damaged status Not for loan Collection code Permanent Location Current Location Shelving location Date acquired Source of acquisition Total Checkouts Full call number Date last seen Copy number Koha item type
  Dewey Decimal Classification   Not For Loan Non-fiction Central Library, University of Rajshahi Central Library, University of Rajshahi Reading Room 18/09/2017 R.U. V.C. office Gift   153.42 ONE 2016 16/04/2018 C-1 Books